000 00639nam a2200217Ia 4500
005 20250425162827.0
008 250425s9999 xx 000 0 und d
020 _a9781498766029
041 _aeng
082 _a006.37
_pUMB
100 _aUMBAUGH, SCOTT E.
245 0 _aDIGITAL IMAGE PROCESSING AND ANALYSIS: APPLICATIONS WITH MATLAB AND CVIPTOOLS
250 _a3RD. ED.
264 _aEstados Unidos, BOCA RATON
_bCRC PRESS
_c2018.
300 _a873
650 _aANALISIS DE IMAGENES
650 _aPROCESAMIENTO DE IMAGEN-TECNICAS DIGITALES
650 _aTECNICAS DE VISION POR COMPUTADOR
942 _c01
010 _a110558
999 _c237250
_d237250